| 000 | 01205nam a22002297a 4500 | ||
|---|---|---|---|
| 003 | AR-RoUNCS | ||
| 005 | 20260226124002.0 | ||
| 008 | 260226t2013 ag |||||r|||| 00| 1 spa d | ||
| 020 | _a987-987-1950-01-0 | ||
| 040 |
_cAR-RoUNCS _aAR-RoUNCS |
||
| 080 | _082-32(821.6) | ||
| 100 | 1 |
_aManzi, Nicolás _eautor |
|
| 245 | 1 | 0 |
_aCentrojás / _cNicolás Manzi. |
| 250 | _a1a ed. | ||
| 260 |
_aRosario : _bEl Ombú Bonsai, _c2013. |
||
| 300 |
_a80 p. ; _c20 cm. |
||
| 490 | 0 | _aColección Raíces Aéreas | |
| 520 | 3 | _aNouvelle polifónica que, desde la cabina hasta el vestuario, y desde los minutos finales hasta la agitada previa, se inserta en la dinámica de un partido de fútbol y en la desesperada búsqueda de Milonga por encontrar el gol y su vasta polisemia. Ágil y contundente cuando queda frente al arquero, Centrojás nos hace salir a la cancha para contagiarnos una pasión enferma de nefastos intereses y demiurgos bravucones. Escrita a contrapelo de la cronología, nos exige estar versados en la disciplina futbolística para comprender y disfrutar a pleno sus gambetas. (Notas del editor). | |
| 650 | 7 |
_aLiteratura argentina _2embne |
|
| 655 | 7 |
_aNovelas cortas _2embne |
|
| 942 |
_2udc _cOG _n0 |
||
| 999 |
_c925 _d925 |
||